Fundamentals of nursing practice / (Record no. 6938)

MARC details
000 -LEADER
fixed length control field 00859pam a2200289 a 4500
001 - CONTROL NUMBER
control field 3733619
003 - CONTROL NUMBER IDENTIFIER
control field GBCCL
005 - DATE AND TIME OF LATEST TRANSACTION
control field 20241126110615.0
008 - FIXED-LENGTH DATA ELEMENTS--GENERAL INFORMATION
fixed length control field 810924s1982 nyua b 001 0 eng
010 ## -
-- 81016100
020 ## - INTERNATIONAL STANDARD BOOK NUMBER
International Standard Book Number 0471059501
040 ## - CATALOGING SOURCE
Original cataloging agency DLC
Transcribing agency DLC
Modifying agency DLC
050 00 -
-- RT41
-- .N33
060 ## -
-- WY 100 N234f
082 00 - DEWEY DECIMAL CLASSIFICATION NUMBER
Classification number 610.73
Edition information 19
Item number NAR
100 1# - MAIN ENTRY--PERSONAL NAME
Personal name Narrow, Barbara W.
9 (RLIN) 12358
245 10 - TITLE STATEMENT
Title Fundamentals of nursing practice /
Statement of responsibility, etc. Barbara W. Narrow, Kay Brown Buschle.
260 ## - PUBLICATION, DISTRIBUTION, ETC.
Place of publication, distribution, etc. New York :
Name of publisher, distributor, etc. Wiley,
Date of publication, distribution, etc. 1982.
300 ## - PHYSICAL DESCRIPTION
Extent xxvi, 676 p. :
Other physical details ill. ;
Dimensions 29 cm.
440 #2 - SERIES STATEMENT/ADDED ENTRY--TITLE
Title A Wiley medical publication
9 (RLIN) 12359
504 ## - BIBLIOGRAPHY, ETC. NOTE
Bibliography, etc. note Includes bibliographies and index.
650 #0 - SUBJECT ADDED ENTRY--TOPICAL TERM
Topical term or geographic name entry element Nursing.
9 (RLIN) 12360
650 #2 - SUBJECT ADDED ENTRY--TOPICAL TERM
Topical term or geographic name entry element Nursing.
9 (RLIN) 12360
700 1# - ADDED ENTRY--PERSONAL NAME
Personal name Buschle, Kay Brown.
9 (RLIN) 12361
906 ## - LOCAL DATA ELEMENT F, LDF (RLIN)
a 7
b cbc
c orignew
d 1
e ocip
f 19
g y-gencatlg
942 ## - ADDED ENTRY ELEMENTS (KOHA)
Source of classification or shelving scheme Dewey Decimal Classification
Koha item type Reference Books
Holdings
Withdrawn status Lost status Source of classification or shelving scheme Damaged status Not for loan Home library Current Library Shelving location Date acquired Total checkouts Full call number Barcode Date last seen Copy number Price effective from Koha item type
    Dewey Decimal Classification     GRACE BIBLE COLLEGE GRACE BIBLE COLLEGE Encyclopedia 2018-07-04   610.73 NAR 000942 2025-05-01 c.1 2018-07-04 Reference Books
© Grace Bible College Library 2025